000 00855nam a2200265 i 4500
001 66428
003 ES-MaACL
005 20240207201804.0
007 t|
008 020611s2001 sp |||| | spa d
020 _a84-95642-02-6
080 _a821.134.2-4"18"
080 _a821.134.2-95"18"
100 1 _aAlas, Leopoldo
_d1852-1901
_9226375
245 1 0 _aEnsayos y críticas (1881-1901) /
_cLeopoldo Alas "Clarín" ; edición, prólogo y notas a cargo de Carlos Barbáchano.
250 _a1ª ed.
260 _aMadrid :
_bPáginas de Espuma,
_c2001.
300 _a315 p. ;
_c24 cm.
490 1 _aColección voces / clásicas ;
_v5
504 _aBibliografía: p. 307-315.
700 1 _aBarbáchano, Carlos.
_925368
830 0 _aVoces (Páginas de Espuma)
_v5
_9226352
852 _aES-MaACL
_jL-26932
999 _c66428
_d66428